[Event "30th Liechtenstein Open 2012"]
[Site "Triesen LIE"]
[Date "2012.05.13"]
[Round "3.10"]
[White "Colovic,A"]
[Black "Matt,F"]
[Result "1-0"]
[WhiteElo "2433"]
[BlackElo "2213"]

1.d4 Nf6 2.c4 g6 3.Nc3 d5 4.cxd5 Nxd5 5.e4 Nxc3 6.bxc3 Bg7 7.Be3 c5 8.Qd2 Qa5
9.Rc1 b6 10.d5 O-O 11.h4 Nd7 12.h5 Nf6 13.f3 Rd8 14.hxg6 hxg6 15.Bh6 Bh8
16.Bd3 b5 17.Ne2 c4 18.Bb1 Qb6 19.Qf4 Nd7 20.Bg5 Bf6 21.Qh4 Kf8 22.Qh7 Ne5
23.f4 Ng4 24.Nd4 Bb7 25.e5 Bg7 26.Qh4 Ne3 27.Bxe7+ Ke8 28.Bxd8 Rxd8 29.Be4 Bxd5
30.Qg3 Bxe4 31.Qxe3 Bxg2 32.Rh7 Kf8 33.f5 Re8 34.Rxg7 Kxg7 35.f6+ Kg8 36.Kf2 Be4
37.Qh6  1-0

[Event "ch-CZE 2012"]
[Site "Kouty nad Desnou CZE"]
[Date "2012.05.16"]
[Round "5"]
[White "Zilka,S"]
[Black "Votava,J"]
[Result "1/2-1/2"]
[WhiteElo "2513"]
[BlackElo "2538"]

1.d4 Nf6 2.c4 g6 3.Nc3 d5 4.cxd5 Nxd5 5.e4 Nxc3 6.bxc3 Bg7 7.Bc4 c5 8.Ne2 Nc6
9.Be3 cxd4 10.cxd4 Qa5+ 11.Bd2 Qd8 12.Bc3 O-O 13.O-O Bg4 14.f3 Bd7 15.Rb1 Rb8
16.Kh1 a6 17.a4 Na7 18.Be1  1/2-1/2

[Event "30th Liechtenstein Open 2012"]
[Site "Triesen LIE"]
[Date "2012.05.17"]
[Round "7.6"]
[White "Bezler,R"]
[Black "Wagner,De"]
[Result "0-1"]
[WhiteElo "2216"]
[BlackElo "2424"]

1.d4 Nf6 2.c4 g6 3.Nc3 d5 4.cxd5 Nxd5 5.e4 Nxc3 6.bxc3 Bg7 7.Qa4+ Nd7 8.Nf3 O-O
9.Bg5 c5 10.Rd1 Qc7 11.Qb3 Nf6 12.e5 Ne4 13.Bc4 cxd4 14.cxd4 Bg4 15.Be3 Rac8
16.Rc1 Qa5+ 17.Nd2 b5 18.Qb1 Rxc4 19.Rxc4 bxc4 20.Qxe4 Bf5 21.Qb7 Bd3 22.f3 Qxa2
23.Kf2 c3 24.Rd1 Qc2  0-1

[Event "ch-CZE 2012"]
[Site "Kouty nad Desnou CZE"]
[Date "2012.05.18"]
[Round "7"]
[White "Kozak,Mi"]
[Black "Machan,J"]
[Result "0-1"]
[WhiteElo "2216"]
[BlackElo "2017"]

1.d4 Nf6 2.c4 g6 3.Nc3 d5 4.cxd5 Nxd5 5.e4 Nxc3 6.bxc3 Bg7 7.Be3 c5 8.Rc1 O-O
9.Nf3 Qa5 10.Qd2 Bg4 11.d5 f5 12.c4 Qa3 13.Ng5 f4 14.Bxf4 Rxf4 15.f3 Rf8
16.fxg4 Bd4 17.Bd3 Rf2 18.Qd1 Qb4+  0-1

[Event "21st CRO-Cup"]
[Site "Sibenik CRO"]
[Date "2012.05.18"]
[Round "4.41"]
[White "Cvitan,O"]
[Black "Rade,M"]
[Result "1/2-1/2"]
[WhiteElo "2541"]
[BlackElo "2417"]

1.d4 Nf6 2.c4 g6 3.Nc3 d5 4.cxd5 Nxd5 5.e4 Nxc3 6.bxc3 Bg7 7.Bc4 O-O 8.Ne2 Nc6
9.O-O e5 10.Be3 Qe7 11.Qc2 Na5 12.Bd3 c5  1/2-1/2

[Event "6th Wunsiedel Open"]
[Site "Wunsiedel GER"]
[Date "2012.05.18"]
[Round "3"]
[White "Kunin,V"]
[Black "Tyomkyn,M"]
[Result "1-0"]
[WhiteElo "2513"]
[BlackElo "2096"]

1.d4 Nf6 2.c4 g6 3.Nc3 d5 4.cxd5 Nxd5 5.e4 Nxc3 6.bxc3 Bg7 7.Qa4+ Bd7 8.Qa3 e6
9.Nf3 Bc6 10.Bd3 Qd6 11.Qb3 b6 12.O-O Bb7 13.Ba3 Qd7 14.d5 e5 15.Bb5 c6 16.dxc6 Bxc6
17.Rad1 Qb7 18.Qd5 Qc7 19.Bd6 Qd7 20.Bxc6 Nxc6 21.Qb5 Nb8 22.Qb3 Qe6 23.Qxe6+ fxe6
24.Ng5 Bf6 25.Nxe6 Na6 26.f4 exf4 27.Rxf4 Bxc3 28.e5 Rc8 29.Ng7+ Kd7 30.Bb4+  1-0

[Event "Asian Nations Chess Cup"]
[Site "Zaozhuang CHN"]
[Date "2012.05.18"]
[Round "2.4"]
[White "Zozek,S"]
[Black "Lou Yiping"]
[Result "0-1"]
[WhiteElo "2268"]
[BlackElo "2428"]

1.d4 Nf6 2.c4 g6 3.Nc3 d5 4.cxd5 Nxd5 5.e4 Nxc3 6.bxc3 Bg7 7.Nf3 c5 8.Rb1 O-O
9.Be2 b6 10.O-O Qc7 11.Bb2 e6 12.Qd2 Nd7 13.Qe3 Bb7 14.Rfd1 Rfe8 15.a4 Bc6
16.a5 bxa5 17.dxc5 Ba4 18.c6 Qxc6 19.Nd4 Qc5 20.Rd2 e5 21.Ra1 Nb6 22.Nf5 Qxe3
23.Nxe3 Bh6 24.Rd6 Bxe3 25.fxe3 Rad8 26.Ba3 Rc8 27.Rc1 Bb3 28.Ba6 Rc7 29.Rd2 Bc4
30.Bxc4 Nxc4 31.Ra2 Rd8 32.Re1 Rd3  0-1

[Event "e2e4 Amersham Open"]
[Site "Amersham ENG"]
[Date "2012.05.19"]
[Round "3"]
[White "Gibson,Ch"]
[Black "Sagues,V"]
[Result "1/2-1/2"]
[WhiteElo "2009"]
[BlackElo "1957"]

1.d4 Nf6 2.c4 g6 3.Nc3 d5 4.cxd5 Nxd5 5.e4 Nxc3 6.bxc3 Bg7 7.Nf3 c5 8.Rb1 O-O
9.Be2 cxd4 10.cxd4 Qa5+ 11.Bd2 Qxa2 12.O-O Bg4 13.Bg5 h6 14.Be3 Nc6 15.d5 Na5
16.Bc5 b6 17.Bxe7 Rfe8 18.d6 Nc6 19.Bb5 Nxe7 20.Bxe8 Rxe8 21.dxe7 Qa3 22.h3  1/2-1/2

[Event "ch-CZE 2012"]
[Site "Kouty nad Desnou CZE"]
[Date "2012.05.19"]
[Round "8"]
[White "Biolek,R1"]
[Black "Bernasek,J"]
[Result "0-1"]
[WhiteElo "2412"]
[BlackElo "2476"]

1.d4 Nf6 2.c4 g6 3.Nc3 d5 4.cxd5 Nxd5 5.e4 Nxc3 6.bxc3 Bg7 7.Be3 O-O 8.Rc1 c5
9.d5 Qc7 10.Nf3 Nd7 11.Be2 Nf6 12.Nd2 e5 13.O-O Ne8 14.f4 Bh6 15.Nc4 exf4
16.d6 Qd8 17.Bxf4 Bxf4 18.Rxf4 b5 19.Ne3 Nxd6 20.Nd5 Be6 21.Nf6+ Kg7 22.Qe1 Nc4
23.Rd1 Qc7 24.Qf2 Rad8 25.Rf1 Qe5 26.Qg3 Rd2 27.Bxc4 Bxc4 28.Rh4 Rxg2+ 29.Qxg2 Bxf1
30.Qf2 h6 31.Rf4 Bc4 32.h4 Rd8 33.Ng4 Qxc3  0-1

[Event "TCh-HUN 2011-12"]
[Site "Budapest HUN"]
[Date "2012.05.20"]
[Round "11"]
[White "Hujbert,F"]
[Black "Horvath,Cs1"]
[Result "1/2-1/2"]
[WhiteElo "2387"]
[BlackElo "2517"]

1.d4 Nf6 2.c4 g6 3.Nc3 d5 4.cxd5 Nxd5 5.e4 Nxc3 6.bxc3 Bg7 7.Nf3 O-O 8.Be2 c5
9.O-O b6 10.Be3 Bb7 11.Qd3 e6 12.Rad1 cxd4 13.cxd4 Nc6 14.Bg5 Qd6 15.Qe3 Rfc8
16.d5 Nb4 17.e5 Qd7 18.d6 Nxa2 19.Rd4 Nc3 20.Bd3 Bxf3 21.gxf3 Rc5 22.f4 Nd5
23.Qh3 Rf8 24.Be4 Nc3 25.Bf3 a5 26.Be7 Rfc8 27.Kh1 Rc4 28.Rxc4 Rxc4 29.Rc1 b5
30.Bg2 b4 31.Qd3 Rc8 32.Qa6 b3 33.Bb7 b2 34.Re1 Rb8 35.Bc6 Qc8 36.Qxc8+ Rxc8
37.d7 Rb8 38.d8=Q+ Rxd8 39.Bxd8 b1=Q 40.Rxb1 Nxb1 41.Bxa5 Na3  1/2-1/2

[Event "TCh-HUN 2011-12"]
[Site "Budapest HUN"]
[Date "2012.05.20"]
[Round "11"]
[White "Bakos,B"]
[Black "Horvath,Ju"]
[Result "1-0"]
[WhiteElo "2390"]
[BlackElo "2211"]

1.d4 Nf6 2.c4 g6 3.Nc3 d5 4.cxd5 Nxd5 5.e4 Nxc3 6.bxc3 Bg7 7.Nf3 c5 8.Rb1 O-O
9.Be2 cxd4 10.cxd4 Qa5+ 11.Bd2 Qxa2 12.O-O b6 13.Qc1 Qe6 14.Bc4 Qxe4 15.Re1 Qb7
16.Bb4 Be6 17.Rxe6 fxe6 18.Ng5 Rf6 19.Nxe6 Kh8 20.Qe3 Nc6 21.Bc3 Qd7 22.Nxg7 Kxg7
23.d5 Na5 24.Bb5 Qd6 25.Re1 Kf8 26.Be5 Qc5 27.Qxc5 bxc5 28.Bxf6 exf6 29.d6 Rd8
30.d7 Kf7 31.Re8 Nb7 32.Bc6 h5 33.Kf1 g5 34.Ke2 h4 35.h3 f5 36.Bd5+ Kf6 37.Re6+ Kg7
38.Bxb7 Rxd7 39.Bc6 Rd8 40.Re7+ Kf6 41.Rxa7 Rc8 42.Ba4 Ke5 43.Bc2 Re8 44.Kd2 Rd8+
45.Kc3 Rd4 46.Re7+ Kf6 47.Re8 Rf4 48.f3 g4 49.fxg4 fxg4 50.Bd1 gxh3 51.gxh3 Rd4
52.Bg4 Kg5 53.Rh8 Rd6 54.Rh5+ Kg6 55.Rxh4 Rd5 56.Rh8 Kg7 57.Re8 Kg6 58.Kc4 Rg5
59.Re4 Kh6 60.h4 Rg6 61.Kxc5 Ra6 62.Bd7 Ra7 63.Kd6 Ra6+ 64.Ke7 Ra7 65.Rd4 Rb7
66.Kf6 Rb6+ 67.Be6 Rb8 68.Rd5 Rf8+ 69.Bf7  1-0

[Event "TCh-HUN 2011-12"]
[Site "Decs HUN"]
[Date "2012.05.20"]
[Round "11"]
[White "Eltigani,O"]
[Black "Szeberenyi,A"]
[Result "1/2-1/2"]
[WhiteElo "2310"]
[BlackElo "2309"]

1.d4 Nf6 2.c4 g6 3.Nc3 d5 4.cxd5 Nxd5 5.e4 Nxc3 6.bxc3 Bg7 7.Bc4 O-O 8.Ne2 c5
9.O-O Nc6 10.Be3 Bg4 11.f3 Bd7 12.Rb1 a6 13.Qd2 b5 14.Bd3 cxd4 15.cxd4 Qa5
16.Qxa5 Nxa5 17.Rfc1 Rfc8  1/2-1/2

[Event "ch-UZB Major w 2012"]
[Site "Tashkent UZB"]
[Date "2012.05.23"]
[Round "7"]
[White "Orzikulova,M"]
[Black "Abdusattorova,Bakhora"]
[Result "1-0"]
[WhiteElo "2044"]
[BlackElo "1739"]

1.d4 Nf6 2.c4 g6 3.Nc3 d5 4.cxd5 Nxd5 5.e4 Nxc3 6.bxc3 Bg7 7.Be3 c5 8.Nf3 Bg4
9.Qd2 O-O 10.Be2 Qa5 11.e5 Nc6 12.h3 Bf5 13.O-O Rfd8 14.Qb2 Qc7 15.Rac1 Rac8
16.Qb5 Qb8 17.Bc4 e6 18.Rfe1 h6 19.a4 g5 20.Ba2 Ne7 21.dxc5 Be4 22.Nd4 Bd5
23.Bxd5 Rxd5 24.Rb1 Rc7 25.Nf3 Ng6 26.Bd4 Qc8 27.Qb3 Nf4 28.Qc2 Qe8 29.a5 Qc6
30.Qe4 Qa6 31.Red1 Qxa5 32.g3 Ng6 33.Ra1 Qb5 34.Rxa7 Bf8 35.Rb1 Qc6 36.Rb6 Qe8
37.Rbxb7 Rxb7 38.Rxb7 Qa4 39.Qe3 Ne7 40.Nxg5 hxg5 41.Qxg5+ Ng6 42.h4 Qd1+
43.Kg2 Qd3 44.Qf6 Nh8 45.Rb8 Qe4+ 46.Kh2 Ng6 47.Rb7 Nh8 48.Rb8 Ng6 49.Rb7 Nh8
50.c6 Ra5 51.Rb8 Ng6 52.Rb7 Nh8 53.Rb8 Ng6 54.c7 Ra1 55.f3 Qe2+ 56.Kh3 Rf1
57.Rxf8+ Nxf8 58.c8=Q Rxf3 59.Qg5+ Kh7 60.Qxf8 Qf1+ 61.Kg4 Rxg3+ 62.Kxg3 Qe1+
63.Bf2 Qxc3+ 64.Qe3  1-0

[Event "Asian Nations Chess Cup"]
[Site "Zaozhuang CHN"]
[Date "2012.05.24"]
[Round "7.4"]
[White "Lou Yiping"]
[Black "Khusnutdinov,R"]
[Result "1/2-1/2"]
[WhiteElo "2428"]
[BlackElo "2509"]

1.d4 Nf6 2.c4 g6 3.Nc3 d5 4.cxd5 Nxd5 5.e4 Nxc3 6.bxc3 Bg7 7.Bc4 c5 8.Ne2 O-O
9.O-O Nc6 10.Be3 Na5 11.Bd3 b6 12.Rb1 cxd4 13.cxd4 e6 14.Qa4 Bb7 15.Rfc1 Rc8
16.f3 Qd6 17.Bf4 Qe7 18.Bd2 Bc6 19.Qb4 Qd7 20.Be3 Rfd8 21.Ba6 Bb7 22.Bb5 Bc6
23.Ba6 Bb7 24.Bb5 Bc6  1/2-1/2

[Event "Asian Nations Chess Cup"]
[Site "Zaozhuang CHN"]
[Date "2012.05.26"]
[Round "9.3"]
[White "Zozek,S"]
[Black "Gupta,Ab"]
[Result "0-1"]
[WhiteElo "2268"]
[BlackElo "2644"]

1.d4 Nf6 2.c4 g6 3.Nc3 d5 4.cxd5 Nxd5 5.e4 Nxc3 6.bxc3 Bg7 7.Nf3 c5 8.Rb1 O-O
9.Be2 b6 10.O-O Qc7 11.Be3 Bb7 12.Qd3 e6 13.d5 exd5 14.exd5 Nd7 15.c4 Rfe8
16.a4 Nf6 17.h3 Ne4 18.Rb3 Bc8 19.Nd2 Nd6 20.Qc2 Bd7 21.Qa2 Nf5 22.Bf3 Nxe3
23.Rxe3 Rxe3 24.fxe3 Re8 25.Kf2 Qh2 26.Re1 Bf6 27.Nf1 Bh4+ 28.Ke2 Qg1 29.Ra1 Qf2+
30.Kd3 Bf5+ 31.Kc3 Bf6+  0-1

[Event "Caissa IM May 2012"]
[Site "Kecskemet HUN"]
[Date "2012.05.27"]
[Round "9.2"]
[White "Wang Xinyue"]
[Black "Farkas,Ti"]
[Result "1/2-1/2"]
[WhiteElo "2041"]
[BlackElo "2249"]

1.d4 Nf6 2.c4 g6 3.Nc3 d5 4.cxd5 Nxd5 5.e4 Nxc3 6.bxc3 Bg7 7.Nf3 c5 8.Rb1 O-O
9.Be2 Nc6 10.d5 Ne5 11.Nxe5  1/2-1/2

[Event "DEM der DSJ GM Duell"]
[Site "Oberhof GER"]
[Date "2012.05.29"]
[Round "1.3"]
[White "Baramidze,D"]
[Black "Gustafsson,J"]
[Result "1/2-1/2"]
[WhiteElo "2611"]
[BlackElo "2625"]

1.d4 Nf6 2.c4 g6 3.Nc3 d5 4.cxd5 Nxd5 5.e4 Nxc3 6.bxc3 Bg7 7.Bc4 c5 8.Ne2 O-O
9.O-O Nc6 10.Be3 Bg4 11.f3 Bd7 12.dxc5 Qc7 13.Nd4 Na5 14.Be2 Rfd8 15.Qc2 e5
16.Nb3 Bf8 17.Rfd1 Be6 18.Kf1 Nxb3 19.axb3 Bxc5 20.Bxc5 Qxc5 21.b4 Qe3 22.Rd3 Rxd3
23.Qxd3 Qb6 24.Qb5 Qc7 25.Qc5 Qxc5 26.bxc5 a5 27.Ra3 Bd7 28.Bc4 a4 29.Bd5 Ra5
30.Bxb7 Rxc5 31.Ba6 Kf8 32.Ke2 Ke7 33.Kd3 Kd6 34.Bc4 f6 35.Bg8 h6 36.Ra2 g5
37.Rb2 Rb5 38.Rb4 Rxb4 39.cxb4 Bb5+ 40.Kd2 Kc6 41.Bf7 Kb6 42.g3 Ba6 43.Be8 Bb5
44.Bf7 Bf1 45.Be8 a3 46.Kc3 Be2 47.Kb3 Bxf3 48.Bg6 Kb5 49.Be8+ Kb6 50.Bg6 Bd1+
51.Kxa3 Kb5 52.Bf7 Bf3 53.Bg6 Bd1 54.Bf7 Bf3 55.Bg6  1/2-1/2

[Event "Albena Masters Open 2012"]
[Site "Albena BUL"]
[Date "2012.05.31"]
[Round "6.4"]
[White "Nikolov,Mo"]
[Black "Grigorov,G"]
[Result "1/2-1/2"]
[WhiteElo "2553"]
[BlackElo "2496"]

1.d4 Nf6 2.c4 g6 3.Nc3 d5 4.cxd5 Nxd5 5.e4 Nxc3 6.bxc3 Bg7 7.Bg5 c5 8.Rc1 O-O
9.Nf3 Bg4 10.d5 Qd6 11.Be2 Nd7 12.O-O Bxf3 13.Bxf3 b5 14.Be2 c4 15.Qd2 f5
16.Rb1 Nc5 17.Rxb5 Nxe4 18.Qe3 Bxc3 19.Bf4 Qf6 20.Bxc4 Nd6 21.Bxd6 exd6 22.Qe6+ Rf7
23.Rfb1 Kg7 24.Rb7  1/2-1/2

[Event "Albena Masters Open 2012"]
[Site "Albena BUL"]
[Date "2012.05.31"]
[Round "6.7"]
[White "Enchev,I"]
[Black "Petrosian,TL"]
[Result "0-1"]
[WhiteElo "2419"]
[BlackElo "2657"]

1.d4 Nf6 2.c4 g6 3.Nc3 d5 4.cxd5 Nxd5 5.e4 Nxc3 6.bxc3 Bg7 7.Bc4 O-O 8.Ne2 Nc6
9.h4 e5 10.d5 Na5 11.Bd3 c6 12.c4 b5 13.cxb5 cxd5 14.Bg5 Qd7 15.Nc3 Bb7 16.Qa4 dxe4
17.Bxe4 Qd4 18.Qxa5 Bxe4 19.Be3 Bxg2 20.Bxd4 exd4 21.Rg1 Rfe8+ 22.Kd1 Bf3+
23.Kc2 Rec8 24.Rg3 Be4+ 25.Kd1 dxc3 26.Rc1 c2+ 27.Ke2 Bb2  0-1

[Event "DEM der DSJ GM Duell"]
[Site "Oberhof GER"]
[Date "2012.05.31"]
[Round "1.7"]
[White "Baramidze,D"]
[Black "Gustafsson,J"]
[Result "0-1"]
[WhiteElo "2611"]
[BlackElo "2625"]

1.d4 Nf6 2.c4 g6 3.Nc3 d5 4.cxd5 Nxd5 5.e4 Nxc3 6.bxc3 Bg7 7.Bc4 c5 8.Ne2 Nc6
9.Be3 O-O 10.O-O Qc7 11.Rc1 b6 12.Qd2 Bb7 13.Bh6 Rad8 14.Bxg7 Kxg7 15.Qe3 e5
16.Bd5 Na5 17.Bxb7 Qxb7 18.dxe5 Nc4 19.Qf4 Qe7 20.Rfd1 Qxe5 21.f3 f6 22.Qg3 Qxg3
23.hxg3 Nb2 24.Rd5 Rxd5 25.exd5 Nc4 26.Nf4 Kf7 27.Kf2 Rd8 28.Rh1 h5 29.g4 g5
30.Ne2 hxg4 31.fxg4 Rxd5 32.Rh7+ Ke6 33.Rxa7 Rd2 34.Ra4 Kd5 35.Ra8 Ke4 36.Re8+ Ne5
37.Re6 Rxa2  0-1

[Event "Mitropa Cup 2012"]
[Site "Sibenik CRO"]
[Date "2012.05.31"]
[Round "1"]
[White "Wagner,De"]
[Black "Dvirnyy,D"]
[Result "1-0"]
[WhiteElo "2424"]
[BlackElo "2515"]

1.d4 Nf6 2.c4 g6 3.Nc3 d5 4.cxd5 Nxd5 5.e4 Nxc3 6.bxc3 Bg7 7.Bc4 c5 8.Ne2 O-O
9.O-O Qa5 10.Be3 Nd7 11.Qc1 cxd4 12.cxd4 Nb6 13.Bb3 Bg4 14.f3 Bd7 15.Bh6 Rac8
16.Qf4 Bxh6 17.Qxh6 Nc4 18.Nf4 Qc3 19.Rad1 Nb6 20.Nxg6 hxg6 21.Qxg6+ Kh8
22.Qh6+ Kg8 23.Qg6+ Kh8 24.Qh6+ Kg8 25.Qg5+ Kh7 26.Qh5+ Kg7 27.Qg5+ Kh7 28.Qh5+ Kg7
29.f4 Qe3+ 30.Kh1 Qxe4 31.f5 Rc6 32.Qg5+ Rg6 33.fxg6 f6 34.Qd2 Qc6 35.Qb4  1-0

[Event "TCh-FRA Top 12 2012"]
[Site "Belfort FRA"]
[Date "2012.06.01"]
[Round "2.1"]
[White "Gyimesi,Z"]
[Black "Le Roux,JP"]
[Result "1-0"]
[WhiteElo "2651"]
[BlackElo "2551"]

1.d4 Nf6 2.c4 g6 3.Nc3 d5 4.cxd5 Nxd5 5.e4 Nxc3 6.bxc3 Bg7 7.Nf3 O-O 8.Be3 c5
9.Be2 Nd7 10.O-O Nf6 11.Qd3 Qc7 12.h3 Rd8 13.d5 e6 14.c4 b5 15.Qc2 exd5 16.cxd5 Qe7
17.Bg5 h6 18.Bxf6 Bxf6 19.Bxb5 Bxa1 20.Rxa1 Rb8 21.Bc4 Ba6 22.Bxa6 Qf6 23.Rd1 Qxa6
24.Ne5 Rbc8 25.Nc4 Rb8 26.a3 Qb5 27.e5 Qb3 28.Qe2 Re8 29.Kh2 Rbd8 30.f4 Qc3
31.Qe4 Qb3 32.Rd3 f5 33.Rxb3 fxe4 34.Ne3 Rb8 35.Rc3 Rb5 36.a4 Rb4 37.Rxc5 Rf8
38.e6 Rd4 39.Rc4 Rxc4 40.Nxc4 Kg7 41.e7  1-0

[Event "Albena Masters Open 2012"]
[Site "Albena BUL"]
[Date "2012.06.02"]
[Round "8.3"]
[White "Grigoryan,Av"]
[Black "Petrosian,TL"]
[Result "0-1"]
[WhiteElo "2581"]
[BlackElo "2657"]

1.d4 Nf6 2.c4 g6 3.Nc3 d5 4.cxd5 Nxd5 5.e4 Nxc3 6.bxc3 Bg7 7.Nf3 c5 8.Rb1 O-O
9.Be2 b6 10.O-O Bb7 11.Qd3 e6 12.Bg5 Qc7 13.Qe3 Nd7 14.e5 a6 15.Nd2 b5 16.Bf3 Bxf3
17.Qxf3 f6 18.exf6 Nxf6 19.Rbe1 Rae8 20.Bxf6 Rxf6 21.Qd3 cxd4 22.cxd4 Rf4
23.Nb3 Qc4 24.Qd2 Ref8 25.g3 R4f5 26.Re2 e5 27.Rc1 Qf7 28.d5 e4 29.d6 Rd5
30.Qc2 Rxd6 31.Qxe4 Qf5 32.Kg2 Qxe4+ 33.Rxe4 a5 34.Rc2 a4 35.Na5 Bf6 36.h4 Kg7
37.Nb7 Rb6 38.Nc5 Rc8 39.Rf4 Rcc6 40.Rc1 Bb2 41.Rb1 Be5 42.Nxa4 bxa4 43.Rxb6 Rxb6
44.Rxa4 Rb2 45.Re4 Kf6 46.a4 Ra2 47.Rc4 Kf5 48.Rb4 Rc2 49.Kf3 Bd6 50.Rb7 Bc5
51.Rf7+ Ke6 52.Rxh7 Rxf2+ 53.Kg4 Ra2 54.Rc7 Rxa4+ 55.Kg5 Be7+ 56.Kxg6 Rg4+
57.Kh7 Rxg3 58.h5 Rh3 59.h6 Bf8 60.Rc6+ Kf5 61.Ra6 Kg5 62.Ra5+ Kg4 63.Ra6 Kg5
64.Ra5+ Kf6 65.Ra6+ Kf7 66.Ra7+ Be7 67.Ra6 Rb3 68.Ra7 Re3 69.Rb7 Re6 70.Ra7 Re2
71.Rb7 Rd2 72.Ra7 Kf6 73.Ra6+ Bd6 74.Rb6 Rd5 75.Ra6 Kg5 76.Ra8 Be5 77.Ra6 Rd7+
78.Kg8 Bf6 79.h7 Rg7+ 80.Kf8 Rxh7 81.Ke8 Re7+ 82.Kf8 Kg6 83.Ra2 Re1 84.Rg2+ Bg5
85.Rg4 Rf1+ 86.Kg8 Rd1  0-1

[Event "Mitropa Cup 2012"]
[Site "Sibenik CRO"]
[Date "2012.06.03"]
[Round "4"]
[White "Bosiocic,Mari"]
[Black "Erdos,V"]
[Result "1/2-1/2"]
[WhiteElo "2555"]
[BlackElo "2624"]

1.d4 Nf6 2.c4 g6 3.Nc3 d5 4.cxd5 Nxd5 5.e4 Nxc3 6.bxc3 Bg7 7.Nf3 c5 8.Be3 Qa5
9.Qd2 Nc6 10.Rb1 a6 11.Rc1 Bg4 12.d5 Rd8 13.Be2 O-O 14.O-O Bxf3 15.Bxf3 e6
16.Be2 Rd7 17.Rfe1 exd5 18.exd5 Rfd8 19.c4 Qxd2 20.Bxd2 Nd4 21.Bd1 Rc8 22.a4 b5
23.cxb5 axb5 24.axb5 Rxd5 25.b6 Bf8 26.Bc3 Rb8 27.Rb1 Rd6 28.b7 Rd7 29.Bxd4 cxd4
30.Bf3 d3 31.Red1 h5 32.Rbc1 Rdd8 33.g3 d2 34.Ra1 Kg7 35.Ra8 Bb4 36.Rxb8 Rxb8
37.Rb1 Ba5 38.Kf1 h4 39.Rb5 Bc7 40.Ke2 hxg3 41.hxg3 Rd8 42.Bd5 Kf6 43.Kxd2 Ke5
44.f4+ Kf6 45.Ke2 Bb8 46.Kf3 Rd6 47.Kg4 Ra6 48.Rc5 Rb6 49.Rc8 Bd6 50.Re8 Rb5
51.Bc6 Rb6 52.Rd8 Ke7 53.Rc8 Kf6 54.Bd5 Ke7 55.Rc3 Kf6 56.Rd3 Rb4 57.Rd1 Rb2
58.Kf3 Rb4 59.Rh1 Kg7 60.Re1 Kf6 61.Re8 Rb5 62.Ke4 Rb4+ 63.Kd3 g5 64.fxg5+ Kxg5
65.Rg8+ Kf6 66.Kc3 Rb5 67.Bf3 Rg5 68.Rd8 Bxg3 69.Be2 Be5+ 70.Kd2 Bf4+ 71.Ke1 Rg1+
72.Bf1 Rg5 73.b8=Q Bxb8 74.Rxb8 Re5+ 75.Kd2 Kg7 76.Kd3 Rf5 77.Bg2 Rf2 78.Be4 Rf4
79.Ke3 Rf6 80.Rb5 Rf1 81.Bd3 Rg1 82.Kf4 Rg2 83.Rb7 Rf2+ 84.Kg3 Rf6 85.Rd7 Kg8
86.Kg4  1/2-1/2

[Event "Mitropa Cup 2012"]
[Site "Sibenik CRO"]
[Date "2012.06.03"]
[Round "4"]
[White "Bluebaum,M"]
[Black "Libiszewski,F"]
[Result "1/2-1/2"]
[WhiteElo "2428"]
[BlackElo "2495"]

1.d4 Nf6 2.c4 g6 3.Nc3 d5 4.cxd5 Nxd5 5.e4 Nxc3 6.bxc3 Bg7 7.Bc4 c5 8.Ne2 Nc6
9.Be3 O-O 10.O-O e6 11.Rc1 Qa5 12.Qb3 Qc7 13.Qb2 b6 14.Qd2 Bb7 15.Bh6 Rfd8
16.Bxg7 Kxg7 17.Qe3 Rac8 18.h4 Qe7 19.h5 Qh4 20.g3 Qf6 21.Rfd1 cxd4 22.cxd4 Na5
23.Bd3 Kg8 24.hxg6 hxg6 25.Rxc8 Rxc8 26.Rc1 Rxc1+ 27.Nxc1 Qe7  1/2-1/2

[Event "Server24Chess 2012"]
[Site "Ortisei ITA"]
[Date "2012.06.05"]
[Round "4"]
[White "Peralta,Fe"]
[Black "Okhotnik,V"]
[Result "1-0"]
[WhiteElo "2590"]
[BlackElo "2463"]

1.d4 Nf6 2.c4 g6 3.Nc3 d5 4.cxd5 Nxd5 5.e4 Nxc3 6.bxc3 Bg7 7.Bc4 c5 8.Ne2 Nc6
9.Be3 O-O 10.O-O Bg4 11.f3 Bd7 12.Rb1 Qc7 13.Bf4 e5 14.Bg3 Rac8 15.d5 Na5
16.Bd3 c4 17.Bc2 b6 18.f4 Nb7 19.f5 f6 20.Qd2 Nd6 21.Kh1 Qd8 22.Bf2 Qe7 23.Be3 Rfd8
24.g4 g5 25.h4 h6 26.Kg2 Nf7 27.Rh1 gxh4 28.Rxh4 Ng5 29.Ng3 Qd6 30.Rbh1 Kf7
31.Rxh6 Bxh6 32.Rxh6 Rg8 33.Bxg5  1-0

[Event "1st Grand Europe Open"]
[Site "Golden Sands BUL"]
[Date "2012.06.07"]
[Round "4.71"]
[White "Dyulgerov,Dimitar"]
[Black "Kigel,D"]
[Result "0-1"]
[WhiteElo "2015"]
[BlackElo "2233"]

1.d4 Nf6 2.c4 g6 3.Nc3 d5 4.cxd5 Nxd5 5.e4 Nxc3 6.bxc3 Bg7 7.Bc4 c5 8.Ne2 O-O
9.O-O Nc6 10.Be3 Qc7 11.Rc1 Rd8 12.Qa4 Bd7 13.Qa3 Na5 14.Bd3 e5 15.Rfd1 Bf8
16.Qb2 Ba4 17.Rd2 b5 18.d5 Rab8 19.Qa1 c4 20.Bc2 Ba3 21.Rf1 Bxc2 22.Rxc2 f5
23.f3 f4 24.Bf2 g5 25.Kh1 h5 26.g3 Kh7 27.Qd1 a6 28.Ng1 Rg8 29.Be1 Nb7 30.Bf2 Nd6
31.h3 a5 32.Kg2 b4 33.Ne2 b3 34.Rd2 a4 35.Kh2 Bc5 36.Bxc5 Qxc5 37.g4 Kg7
38.Kg2 Rh8 39.gxh5 Rxh5 40.Ng1 Qe3 41.Ne2 Nxe4 42.fxe4 Qxh3+ 43.Kf2 Qh4+
44.Kg1 Qh2+  0-1

[Event "Mitropa Cup 2012"]
[Site "Sibenik CRO"]
[Date "2012.06.07"]
[Round "8"]
[White "Kuljasevic,D"]
[Black "Neubauer,M"]
[Result "1-0"]
[WhiteElo "2574"]
[BlackElo "2415"]

1.d4 Nf6 2.c4 g6 3.Nc3 d5 4.cxd5 Nxd5 5.e4 Nxc3 6.bxc3 Bg7 7.Nf3 c5 8.Be3 Qa5
9.Nd2 cxd4 10.Nc4 Qd8 11.cxd4 f5 12.Rb1 fxe4 13.Be2 Be6 14.Rxb7 O-O 15.O-O Nc6
16.Ne5 Nxe5 17.dxe5 Bd5 18.Rxe7 Qxe7 19.Qxd5+ Kh8 20.e6 Rfe8 21.Bc4 Rac8
22.Bb3 Qb4 23.Bxa7 Rcd8 24.Qg5 Rd3 25.Bc5 Qc3 26.Be3 Qe5 27.Rc1 Qxg5 28.Bxg5 h6
29.Be3 g5 30.Kf1 Be5 31.Rc4 Rxe3 32.fxe3 Bxh2 33.Rxe4 Kg7 34.Ba4 Re7 35.Bd7 Kf6
36.a4 Bc7 37.Ke2 Rh7 38.Rc4 Bd8 39.Rc5 Rh8 40.e4 Rf8 41.a5 Ke7 42.a6 Bb6
43.Rf5 g4 44.Kd3 Ba7 45.Kc4 Be3 46.Kd5 Ba7 47.Kc6  1-0

[Event "1st Grand Europe Open"]
[Site "Golden Sands BUL"]
[Date "2012.06.08"]
[Round "5.30"]
[White "Nikolov,Sas"]
[Black "Chatalbashev,B"]
[Result "0-1"]
[WhiteElo "2384"]
[BlackElo "2575"]

1.d4 Nf6 2.c4 g6 3.Nc3 d5 4.cxd5 Nxd5 5.e4 Nxc3 6.bxc3 Bg7 7.Bc4 c5 8.Ne2 Nc6
9.Be3 O-O 10.O-O Na5 11.Bd3 b6 12.Rc1 e5 13.dxc5 bxc5 14.Bxc5 Bh6 15.f4 Re8
16.Bb5 Qxd1 17.Rcxd1 Bg4 18.Bb4 Reb8 19.Bd3 Nc6 20.Rb1 Nxb4 21.Rxb4 Rd8 22.h3 Rxd3
23.hxg4 Rd2 24.Rf2 Rxa2 25.g3 Bf8 26.Rb5 Rd8 27.Rxe5 Rdd2 28.Kf1 a5 29.Rd5 Rxd5
30.exd5 a4 31.Ke1 Bc5 32.Rf3 a3 33.Nc1 Rc2 34.Kd1 a2 35.Nxa2 Rxa2 36.Rd3 Bd6
37.c4 Ra4 38.Rc3 Bc5 39.Ke2 Kf8 40.g5 Ra3 41.Rxa3 Bxa3 42.Ke3 Ke7 43.Kd4 Kd6
44.Ke4 Bb4 45.Kd4 Bc5+ 46.Ke4 Bf2 47.g4 Bc5 48.Kd3 Ba3 49.Kd4 Bb2+ 50.Ke3 Bc1+
51.Ke4 Bd2 52.Kf3 Kc5 53.Ke4 Kxc4 54.Ke5 Kc5 55.Kf6 Bxf4 56.Kxf7 Bxg5 57.Ke6 Bf4  0-1

[Event "Campeonato Individual Madrid 2012"]
[Site "Madrid ESP"]
[Date "2012.06.08"]
[Round "3.2"]
[White "Taboas Rodriguez,D"]
[Black "Moreno Ruiz,J"]
[Result "1-0"]
[WhiteElo "2410"]
[BlackElo "2513"]

1.d4 Nf6 2.c4 g6 3.Nc3 d5 4.cxd5 Nxd5 5.e4 Nxc3 6.bxc3 Bg7 7.Nf3 c5 8.Rb1 O-O
9.Be2 Nc6 10.d5 Ne5 11.Nxe5 Bxe5 12.Qd2 e6 13.f4 Bc7 14.Bc4 e5 15.Qf2 exf4
16.Bxf4 Bxf4 17.Qxf4 Qa5 18.O-O Qxc3 19.e5 b5 20.Rxb5 Qd4+ 21.Qxd4 cxd4 22.Rc5 Bf5
23.d6 Rac8 24.Rxc8 Rxc8 25.Rxf5  1-0

[Event "Mitropa Cup 2012"]
[Site "Sibenik CRO"]
[Date "2012.06.08"]
[Round "9"]
[White "Bluebaum,M"]
[Black "Pacher,M"]
[Result "1/2-1/2"]
[WhiteElo "2428"]
[BlackElo "2440"]

1.d4 Nf6 2.c4 g6 3.Nc3 d5 4.cxd5 Nxd5 5.e4 Nxc3 6.bxc3 Bg7 7.Bc4 O-O 8.Ne2 b6
9.O-O Bb7 10.Qd3 c5 11.d5 a6 12.a4 b5 13.Qb1 b4 14.cxb4 cxb4 15.Bb2 Bxb2
16.Qxb2 a5 17.Rac1 Nd7 18.Bb5 Ba6 19.Bxa6 Rxa6 20.Nd4 e6 21.Nc6 Qf6 22.e5 Qh4
23.Qe2 Rb6 24.dxe6 fxe6 25.Qd2 Rf7 26.Qd6 b3 27.Qxe6 b2 28.Rb1 Qxa4 29.Qe8+ Rf8
30.Qe6+ Rf7 31.Qe8+ Rf8 32.Qxd7 Qxc6 33.Qxc6 Rxc6 34.Rxb2 a4 35.f4 a3 36.Ra2 Rc3
37.Rfa1 Rxf4 38.Rxa3 Rxa3 39.Rxa3 Kf7 40.Ra7+ Ke6 41.Rxh7 Kxe5 42.Rg7 Kf6  1/2-1/2

[Event "Hustopece Rapid"]
[Site "Hustopece CZE"]
[Date "2012.06.09"]
[Round "8.2"]
[White "Polak,T"]
[Black "Bernasek,J"]
[Result "1-0"]
[WhiteElo "2514"]
[BlackElo "2476"]

1.d4 Nf6 2.c4 g6 3.Nc3 d5 4.cxd5 Nxd5 5.e4 Nxc3 6.bxc3 Bg7 7.Nf3 c5 8.Be3 Qa5
9.Bd2 Qd8 10.d5 O-O 11.Be2 e6 12.c4 Bxa1 13.Qxa1 f6 14.O-O e5 15.Ne1 g5 16.h4 h6
17.Nd3 b6 18.Bc3 Na6 19.hxg5 hxg5 20.f4 gxf4 21.Nxf4 exf4 22.Rxf4 Qd6 23.Qf1 Bd7
24.Qf2 Rf7 25.e5 Qe7 26.exf6 Qd6 27.Bh5 Rh7 28.f7+ Kf8 29.Rf6 Qe7 30.Rg6 Rxf7
31.Qg3 Qe4 32.Rg8+ Ke7 33.d6+ Ke6 34.Rg6+  1-0

[Event "Server24Chess 2012"]
[Site "Ortisei ITA"]
[Date "2012.06.09"]
[Round "8"]
[White "Zier,O"]
[Black "Valsecchi,A"]
[Result "0-1"]
[WhiteElo "2121"]
[BlackElo "2413"]

1.d4 Nf6 2.c4 g6 3.Nc3 d5 4.cxd5 Nxd5 5.e4 Nxc3 6.bxc3 Bg7 7.Be3 b6 8.Qd2 Bb7
9.f3 O-O 10.Rd1 Nc6 11.Bc4 Na5 12.Bd3 c5 13.Ne2 e5 14.d5 c4 15.Bc2 Qd6 16.O-O Rad8
17.Ng3 Qa3 18.Bh6 Bxh6 19.Qxh6 f6 20.f4 exf4 21.Rxf4 Qxc3 22.Rg4 Rf7 23.Bb1 Bc8
24.Nf5 Bxf5 25.exf5 Rxd5 26.Rf1 g5 27.Re4 Re5 28.Rd1 Nc6 29.Kh1 Rd7 30.Rf1 Rxe4
31.Bxe4 Nd8 32.h3 Qe5 33.Re1 Nf7 34.Qh5 Rd4  0-1